Sens commun : connexions entre des mots #3 - Statistiques

Statistiques générales
  • Ce quiz a été pris 26 fois
    17 depuis la dernière actualisation
  • Le résultat moyen est 6 sur 15
Statistiques - réponses
MOT 1 MOT 2 SYNONYME COMMUN % Correct
Direction Signification Sens
86%
Halte Décret Arrêt
71%
Certain Aigrelet Sûr
71%
Modèle Chef Patron
64%
Eduquer Hausser Elever
50%
Stupéfait Défendu Interdit
43%
Comprimé Urgent Pressé
43%
Sieste Total Somme
43%
Mesure Cheval Etalon
21%
Forme Visage Figure
21%
Son Facture Note
14%
Maisonnette Drapeau Pavillon
14%
Réduction Délai Remise
14%
Règle Arme Canon
0%
Résultats Vêtements Effets
0%
Aucun quiz correspondant
Distribution des résultats
% des personnes avec chaque résultat
Percentile par nombre de réponses
Votre historique - résultats
Vous n’avez pas pris ce quiz depuis la dernière actualisation